| 000 | 00649nam a2200253Ia 4500 | ||
|---|---|---|---|
| 003 | OSt | ||
| 005 | 20221005060616.0 | ||
| 006 | a|||||r|||| 00| 0 | ||
| 007 | ta | ||
| 008 | 221004b |||||||| |||| 00| 0 eng d | ||
| 020 | _a0415278589 | ||
| 024 | _a76754 | ||
| 037 | _cTextual | ||
| 040 |
_aCRL _cCRL _beng |
||
| 041 |
_2eng _aeng |
||
| 082 | _aQ4, P3 | ||
| 100 |
_aGowans Christopher W. _9428417 |
||
| 245 | 0 | _aPhilosophy of the buddha | |
| 260 |
_aLondon _bRoutledge Great Britain _c2003 |
||
| 300 |
_a227p. _ccm. |
||
| 650 | _aRELIGION | ||
| 942 |
_hQ4, P3 _cTEXL _2cc |
||
| 999 |
_c966969 _d966969 |
||